Catálogo

ILUSTRACION DE LAS FAMILIAS EN MEXICO (Registro nro. 33216)

Detalles MARC
000 -LEADER
fixed length control field 00514nam a2200181 a 4500
001 - CONTROL NUMBER
control field 33216
005 - DATE AND TIME OF LATEST TRANSACTION
control field 20180714001108.0
008 - FIXED-LENGTH DATA ELEMENTS--GENERAL INFORMATION
fixed length control field 140415s2012 mx 000 0 spa d
020 ## - INTERNATIONAL STANDARD BOOK NUMBER
International Standard Book Number 9786079583705
041 ## - LANGUAGE CODE
Language code of text/sound track or separate title spa
082 ## - DEWEY DECIMAL CLASSIFICATION NUMBER
Classification number 301
Item number LOP
100 1# - MAIN ENTRY--PERSONAL NAME
Personal name LOPEZ ROMO HERIRBERTO
245 10 - TITLE STATEMENT
Title ILUSTRACION DE LAS FAMILIAS EN MEXICO
250 ## - EDITION STATEMENT
Edition statement 1a ed.
260 ## - PUBLICATION, DISTRIBUTION, ETC.
Place of publication, distribution, etc. MEXICO :
Name of publisher, distributor, etc. INSTITUTO DE INVESTIGACIONES SOCIALES Y ECONOMICAS,
Date of publication, distribution, etc. 2012
300 ## - PHYSICAL DESCRIPTION
Extent
Dimensions 25 x 2 x 21
650 14 - SUBJECT ADDED ENTRY--TOPICAL TERM
Topical term or geographic name entry element CIENCIAS SOCIALES
Existencias
Withdrawn status Lost status Source of classification or shelving scheme Damaged status Not for loan Collection code Home library Current library Shelving location Date acquired Source of acquisition Total Checkouts Full call number Barcode Date last seen Date last checked out Price effective from Koha item type
    Dewey Decimal Classification     General Tehuacán Tehuacán Sala general 03/12/2013 Compra 1 301 LOP 508208 08/01/2025 15/02/2016 03/12/2013 Libro